¿Qué es la matemática? : una exposición elemental de sus ideas y métodos /
Guardado en:
| Autor Principal: | |
|---|---|
| Otros Autores: | |
| Formato: | Libro |
| Idioma: | Spanish English |
| Publicado: |
[España?] :
Aguilar,
1964.
|
| Edición: | 4ª ed. |
| Etiquetas: |
Agregar Etiqueta
Sin Etiquetas, Sea el primero en etiquetar este registro!
|
| LEADER | 00760nam a22001935a 4500 | ||
|---|---|---|---|
| 001 | MAT.inmabb001607 | ||
| 008 | 031124s1964####sp############000#0#spa#d | ||
| 005 | 20170428132816.0 | ||
| 245 | 1 | 1 | |a ¿Qué es la matemática? : |b una exposición elemental de sus ideas y métodos / |c Richard Courant y Herbert Robbins ; traducción del inglés por Luis Bravo Gala. |
| 250 | |a 4ª ed. | ||
| 260 | |a [España?] : |b Aguilar, |c 1964. | ||
| 300 | |a xx, 533 p. ; |c 22 cm. | ||
| 500 | |a Traducción de: What is mathematics? An elementary approach to ideas and methods. | ||
| 100 | 1 | |a Courant, Richard, |d 1888-1972. | |
| 240 | 1 | 0 | |a What is mathematics? |l Español |
| 700 | 1 | |a Robbins, Herbert. | |
| 084 | |a 00A05 |2 msc2000 | ||
| 041 | 1 | |a spa |h eng | |
| 859 | |h 00A05 |i C858e-4 |p A-2002 |b BIB. MATEMATICA | ||
